Legislação : (Record no. 1236)

MARC details
000 -LÍDER
Campo Fixo de Controle 00881nam a2200253 a 4500
001 - NÚMERO DE CONTROLE
Campo de Controle 1236
003 - IDENTIFICAÇÃO DO NÚMERO DE CONTROLE
Campo de Controle BR-CuiBMT
005 - DATA E HORA DA ÚLTIMA ATUALIZAÇÃO
Campo de Controle 20231201194928.0
008 - DADOS FIXOS
Dados Fixos 230825b2011 prba 000 0 por d
020 ## - INTERNATIONAL STANDARD BOOK NUMBER
Nº do ISBN 9788561481261
040 ## - AGÊNCIA CATALOGADORA
Código da Agência Catalogadora BR-CuiBMT
Agência que transcreveu o registro BR-CuiBMT
080 ## - Nº DA CLASSIFICAÇÃO DECIMAL UNIVERSAL
Nº Class. CDU 351.712.2.02
Nº edição CDU 2007
090 ## - NÚMERO DE CHAMADA
Nº classificação 351.712.2.02
Cutter L514
245 00 - TÍTULO PRINCIPAL
Título principal Legislação :
Subtítulo licitações, pregão presencial e eletrônico, leis complementares /
Indicação de responsabilidade organizadores: Jair Eduardo Santana, Fernanda Andrade.
260 ## - PUBLICAÇÃO, DISTRIBUIÇÃO, ETC.
Local de publicação Curitiba :
Editora Negócios Públicos,
Data 2011.
300 ## - DESCRIÇÃO FÍSICA
N. páginas ou volumes 319 p. :
Ilustrações il. ;
Dimensões 24 cm
504 ## - NOTA DE BIBLIOGRAFIA, ETC.
Nota de bibliografia Inclui bibliografia.
650 ## - ASSUNTO TÓPICO
Cabeçalho tópico ou nome geográfico Licitação pública
Subdivisão geográfica Brasil
650 ## - ASSUNTO TÓPICO
Cabeçalho tópico ou nome geográfico Licitação pública
Subdivisão geral Legislação
650 ## - ASSUNTO TÓPICO
Cabeçalho tópico ou nome geográfico Pregão (Licitação pública)
Subdivisão geral Automação
Subdivisão geográfica Brasil
700 1# - ENTRADA SECUNDÁRIA -- NOME PESSOAL
Nome pessoal Santana, Jair Eduardo,
Datas associadas ao nome 1962-
Termo de relação org.
700 1# - ENTRADA SECUNDÁRIA -- NOME PESSOAL
Nome pessoal Andrade, Fernanda
Cód. do termo explicativo org.
942 ## - ELEMENTOS DE ENTRADA ADICIONAIS (KOHA)
Fonte de classificação ou esquema de arquivamento Classificação Decimal Universal
Tipo de item do Koha Livros
Holdings
Estado: removido Estado: perdido Fonte de classificação ou esquema de arquivamento Estado: danificado Indisponível para empréstimo Localização permanente Localização atual Data de aquisição Total Checkouts Número de Chamada completo Código de barras Date last seen Número do exemplar Preço efetivo a partir de Tipo de item (Koha)
    Classificação Decimal Universal     Biblioteca da Escola Superior de Contas do TCE/MT Biblioteca da Escola Superior de Contas do TCE/MT 01/12/2023   351.712.2.02 L514 BIBTCEMT23120038 01/12/2023 Ex. 1 01/12/2023 Livros

Powered by Koha